| 000 | 00000nam 2200000za 4500 |
| 001 | 9.800846 |
| 003 | CaOODSP |
| 005 | 20221107134703 |
| 007 | cr ||||||||||| |
| 008 | 150521s2015 xxc |o f00| 0 fre d |
| 040 | |aCaOODSP|bfre |
| 043 | |an-cn--- |
| 086 | |aP4-63/2015F-PDF |
| 110 | 1 |aCanada.|bTravaux publics et Services gouvernementaux Canada.|bDirection générale des services immobiliers. |
| 245 | 10|aIM 15161-2013 - lutte contre la Legionella dans les systèmes mécaniques |h[ressource électronique] :|bnorme destinée aux propriétaires d'immeubles, aux professionnels de la conception et au personnel d'exploitation des bâtiments /|cGénie mécanique et électrique, Direction des conseils et pratiques (Services professionnels), Gestion des services professionnels et techniques, Direction générale des biens immobiliers, Travaux publics et Services gouvernementaux Canada. |
| 260 | |a[Ottawa] : |bTravaux publics et Services gouvernementaux Canada,|g[2015]. |
| 300 | |aiii, p. 4-63, [10] p. :|bfigures, tableaux. |
| 500 | |aÉgalement disponible en anglais sous le titre : MD 15161-2013 - control of Legionella in mechanical systems : standard for building owners, design professionals and maintenance personnel |
| 504 | |aComprend des réf. bibliogr. |
| 692 | 07|2gccst|aPollution en milieu de travail |
| 775 | 08|tMD 15161-2013 - control of Legionella in mechanical systems|w(CaOODSP)9.800838 |
| 856 | 40|qPDF|s466 Ko|uhttps://publications.gc.ca/collections/collection_2015/tpsgc-pwgsc/P4-63-2015-fra.pdf |